[Event "Najdorf Mem Open A 2016"]
[Site "Warsaw POL"]
[Date "2016.07.13"]
[Round "6.49"]
[White "Schroeder, Kevin"]
[Black "Zochowski, Kacper"]
[Result "0-1"]
[WhiteTitle "FM"]
[WhiteElo "2350"]
[BlackElo "2248"]
[WhiteFideId "12929840"]
[BlackFideId "1125494"]
[EventDate "2016.07.08"]

1. e4 c5 2. Nf3 d6 3. d4 cxd4 4. Nxd4 Nf6 5. Nc3 a6 6. g3 e6 7. Bg2 Be7 8. O-O
O-O 9. Be3 Qc7 10. Qd2 Bd7 11. h3 Nc6 12. Nde2 b5 13. a3 Ne5 14. b3 Bc6 15. g4
Qb7 16. Ng3 Ng6 17. f4 d5 18. exd5 Nxd5 19. Nxd5 Bxd5 20. Bxd5 Qxd5 21. Qxd5
exd5 22. a4 Rac8 23. axb5 axb5 24. Ra7 Rc3 25. Bf2 Rxc2 26. f5 Rxf2 27. Rxf2 Bc5
28. Rb7 Nf4 29. Kf1 Bxf2 30. Kxf2 Nxh3+ 31. Kg2 Nf4+ 32. Kf3 g5 33. Rxb5 Rc8 34.
f6 h6 35. Nf5 Kh7 36. Rb7 Rc3+ 37. Kf2 Kg6 38. Rb6 Rc2+ 39. Ke3 Re2+ 40. Kf3 Re6
41. Rb8 h5 42. b4 hxg4+ 43. Kxg4 Kxf6 44. b5 Ne2 45. Nh6 Re4+ 46. Kf3 Nd4+ 47.
Kf2 Kg7 48. b6 Kxh6 49. b7 Nc6 50. Rc8 Rb4 51. Rxc6+ Kh5 52. Rc7 f5 53. Ke2 Kg4
54. Kd3 f4 55. Kc3 Rb1 56. Kd4 f3 57. Kxd5 f2 58. Rf7 Kg3 0-1

[Event "Najdorf Mem Open A 2016"]
[Site "Warsaw POL"]
[Date "2016.07.13"]
[Round "6.50"]
[White "Barski, Radoslaw"]
[Black "Karpus, Michal"]
[Result "1/2-1/2"]
[BlackTitle "FM"]
[WhiteElo "2346"]
[BlackElo "2179"]
[WhiteFideId "1131710"]
[BlackFideId "1174088"]
[EventDate "2016.07.08"]

1. e4 e5 2. Nf3 Nc6 3. Bb5 a6 4. Ba4 Nf6 5. O-O Be7 6. Re1 b5 7. Bb3 d6 8. c3
O-O 9. h3 Na5 10. Bc2 c5 11. d4 Nd7 12. Nbd2 exd4 13. cxd4 Re8 14. d5 Bf6 15.
Rb1 Nb6 16. Nf1 Nac4 17. N3h2 a5 18. b3 Ne5 19. Ng4 Nxg4 20. hxg4 a4 21. g3 axb3
22. axb3 Ra2 23. Ne3 Bd7 24. Kg2 Bd4 25. Rh1 Qf6 26. Nf5 Bxf5 27. gxf5 Rc8 28.
Bf4 c4 29. Rf1 Nd7 30. bxc4 bxc4 31. Rb5 Ra1 32. Qe2 Rxf1 33. Qxf1 Be5 34. Be3
Bd4 35. Bf4 Be5 36. Be3 Bd4 37. Bf4 1/2-1/2

[Event "Najdorf Mem Open A 2016"]
[Site "Warsaw POL"]
[Date "2016.07.13"]
[Round "6.51"]
[White "Winiarski, Mikolaj"]
[Black "Lewicki, Miroslaw"]
[Result "1-0"]
[BlackTitle "CM"]
[WhiteElo "2209"]
[BlackElo "2329"]
[WhiteFideId "1159984"]
[BlackFideId "1113380"]
[EventDate "2016.07.08"]

1. d4 Nf6 2. c4 e6 3. Nc3 d5 4. cxd5 exd5 5. Bg5 Nbd7 6. e3 Be7 7. Bd3 b6 8.
Nge2 Bb7 9. O-O O-O 10. Rc1 h6 11. Bh4 c5 12. f3 Re8 13. Bf2 Bd6 14. Kh1 a6 15.
a4 c4 16. Bb1 Bc6 17. g4 b5 18. axb5 axb5 19. Ng3 Bxg3 20. hxg3 b4 21. Ne2 Bb5
22. Kg2 g5 23. Rh1 Kg7 24. Ng1 Nb6 25. Nh3 Na4 26. Qc2 Qa5 27. Nxg5 hxg5 28. Qf5
Qd8 29. Qxg5+ Kf8 30. Rh8+ Ke7 31. Qe5+ Kd7 32. Rxe8 Nxe8 33. Qxd5+ Nd6 34. e4
Bc6 35. Qh5 Nxb2 36. e5 Nb5 37. Qxf7+ Qe7 38. Bf5+ Kd8 39. Qg6 Be8 40. Qh6 Nc7
41. d5 Nxd5 42. Bb6+ Nxb6 43. Qxb6+ Qc7 44. Qd4+ Ke7 45. Qxb2 Qc5 46. Qd2 Ra6
47. Rh1 Kf7 48. e6+ Kf8 49. Rh8+ Ke7 50. Rh7+ Kf6 51. Qh6+ Ke5 52. Qg7+ Kd5 53.
Be4+ Kd6 54. Qe7+ 1-0

[Event "Najdorf Mem Open A 2016"]
[Site "Warsaw POL"]
[Date "2016.07.13"]
[Round "6.52"]
[White "Polok, Kacper"]
[Black "Zaninotto, Franco"]
[Result "1-0"]
[WhiteTitle "FM"]
[BlackTitle "FM"]
[WhiteElo "2292"]
[BlackElo "2127"]
[WhiteFideId "1137158"]
[BlackFideId "800406"]
[EventDate "2016.07.08"]

1. e4 e6 2. d4 d5 3. Nc3 Nf6 4. Bg5 Be7 5. e5 Nfd7 6. h4 h6 7. Bxe7 Qxe7 8. f4
a6 9. Nf3 c5 10. Qd2 b5 11. dxc5 Qxc5 12. Ne2 Nb6 13. Ned4 Nc6 14. c3 Nc4 15.
Bxc4 dxc4 16. O-O-O O-O 17. Nxc6 Qxc6 18. Nd4 Qc5 19. g4 Rb8 20. Rhg1 b4 21. h5
bxc3 22. Qxc3 Qb4 23. g5 Qxc3+ 24. bxc3 Kh8 25. Nc6 Rb6 26. Rd8 Rxd8 27. Nxd8
Bb7 28. Nxf7+ Kh7 29. g6+ Kg8 30. Rd1 Bd5 31. f5 Kf8 32. f6 Rb8 33. Rf1 Be4 34.
Kd2 Rb2+ 35. Ke3 Bd5 36. Nd6 a5 37. fxg7+ Kxg7 38. Rf7+ Kg8 39. Ne8 Rb7 40. Nf6+ 1-0

[Event "Najdorf Mem Open A 2016"]
[Site "Warsaw POL"]
[Date "2016.07.13"]
[Round "6.53"]
[White "Zaksaite, Salomeja"]
[Black "Kowalczyk, Rafal"]
[Result "0-1"]
[WhiteTitle "WIM"]
[WhiteElo "2336"]
[BlackElo "2204"]
[WhiteFideId "12801496"]
[BlackFideId "1133853"]
[EventDate "2016.07.08"]

1. e4 e5 2. Nf3 Nc6 3. Bb5 a6 4. Ba4 Nf6 5. O-O Be7 6. Re1 b5 7. Bb3 d6 8. c3
O-O 9. h3 Nb8 10. d4 Nbd7 11. c4 c6 12. a3 bxc4 13. Bxc4 Bb7 14. dxe5 dxe5 15.
Nc3 Qc7 16. Be3 Nc5 17. Qc2 a5 18. Nh4 Rfe8 19. Nf5 Bf8 20. Rad1 Ba6 21. Qe2
Bxc4 22. Qxc4 Ne6 23. Na4 Rab8 24. Rc1 c5 25. Re2 Rec8 26. Rec2 Qb7 27. f3 g6
28. Ng3 Nd4 29. Rf2 Ne8 30. f4 Nd6 31. Qd5 Qb3 32. Nc3 Nc4 33. Bxd4 cxd4 34.
fxe5 dxc3 35. Rxc3 Qb6 36. Qxf7+ Kh8 37. Rxc4 Rxc4 38. e6 Rc7 39. Qf4 Bg7 40.
Kh2 Rf8 0-1

[Event "Najdorf Mem Open A 2016"]
[Site "Warsaw POL"]
[Date "2016.07.13"]
[Round "6.54"]
[White "Koksal, Ege"]
[Black "Dabrowska, Krystyna"]
[Result "1-0"]
[WhiteTitle "FM"]
[BlackTitle "WGM"]
[WhiteElo "2324"]
[BlackElo "2228"]
[WhiteFideId "6317626"]
[BlackFideId "1104454"]
[EventDate "2016.07.08"]

1. d4 Nf6 2. Nf3 e6 3. c4 b6 4. g3 Bb7 5. Bg2 Be7 6. O-O O-O 7. Re1 c5 8. d5
exd5 9. Nh4 d6 10. Nf5 Re8 11. Nc3 Bf8 12. Bg5 Nbd7 13. Bxd5 Bxd5 14. Nxd5 h6
15. Bxf6 Nxf6 16. Nxf6+ Qxf6 17. Qc2 Rad8 18. Rad1 g6 19. Ne3 Bg7 20. b3 Rd7 21.
Rd3 h5 22. Red1 Qe6 23. Re1 h4 24. Nd5 Qf5 25. Qd2 hxg3 26. hxg3 g5 27. Re3 Be5
28. Kg2 Kg7 29. Rf3 Qg6 30. Qd3 Qxd3 31. Rxd3 f5 32. Rh1 Kg6 33. Re3 g4 34. f4
gxf3+ 35. exf3 Rf8 36. f4 Bg7 37. Ne7+ Kf6 38. Rhe1 Bh8 39. Kf3 Kg7 40. Rh1 Rf7
41. Nd5 Rd8 42. Re6 Rfd7 43. Rh5 Rf8 44. Reh6 Rdd8 45. Rh7+ 1-0

[Event "Najdorf Mem Open A 2016"]
[Site "Warsaw POL"]
[Date "2016.07.13"]
[Round "6.55"]
[White "Eswaran, Ashritha"]
[Black "Osmanodja, Filiz"]
[Result "1/2-1/2"]
[WhiteTitle "WIM"]
[BlackTitle "WIM"]
[WhiteElo "2211"]
[BlackElo "2318"]
[WhiteFideId "2080788"]
[BlackFideId "24633569"]
[EventDate "2016.07.08"]

1. e4 e5 2. Nf3 Nc6 3. Bb5 a6 4. Ba4 Nf6 5. d3 d6 6. c3 g6 7. O-O Bg7 8. Re1 O-O
9. Nbd2 Re8 10. Nf1 h6 11. Ng3 b5 12. Bc2 d5 13. a4 Be6 14. Be3 Kh7 15. h4 Qd7
16. Nh2 d4 17. Bd2 Qd6 18. h5 Rad8 19. axb5 axb5 20. hxg6+ fxg6 21. Ra6 Bc8 22.
Ra2 Be6 23. Ra6 Bc8 24. Ra2 Rf8 25. Rf1 Nd7 26. Ne2 dxc3 27. Nxc3 Nd4 28. Be3 b4
29. Ne2 Ne6 30. Qd2 Nf6 31. Ng3 Nd4 32. Bxd4 Qxd4 33. Qe3 Qd6 34. Rfa1 Nd7 35.
Ra5 Nb6 36. Qc5 Be6 37. Qxd6 Rxd6 38. Rb5 Rc6 39. Bd1 Ra8 40. Rxa8 Nxa8 41. Bg4
Rc1+ 42. Ngf1 Bf7 43. Rxb4 Nb6 44. Rb5 h5 45. Bh3 Be8 46. Rb3 Ba4 47. Rc3 Rxc3
48. bxc3 Bc2 49. Nf3 Bxd3 50. Ng5+ Kg8 51. Ne6 c6 52. Nc5 Bc4 53. Ne3 Ba2 54.
Nd3 Bb1 55. Nb4 c5 56. Nbd5 Na4 57. f3 Kf7 58. Kf2 Ba2 59. Bd7 Nb2 60. Bb5 Ke6
61. Ke2 Bh6 62. c4 Bb3 63. Nb6 Kd6 64. Ned5 Bg5 65. Nc8+ Ke6 66. Ncb6 Kd6 67.
Nc8+ Ke6 68. Ncb6 h4 69. Nc3 Kd6 70. Ncd5 Bd1+ 71. Ke1 h3 72. gxh3 Bxf3 73. Nc8+
Ke6 74. Nc7+ Kf6 75. Nd6 Nd3+ 76. Kf1 Bd2 77. h4 Ke7 78. Nce8 Be1 79. Nc8+ Kd8
80. Na7 Bxh4 81. Nc6+ Kc8 82. Nd6+ Kc7 83. Ne8+ Kb6 84. Nd6 Bg4 85. Nf7 Bf6 86.
Nb8 Kc7 87. Na6+ Kb6 88. Nb8 Kc7 89. Na6+ Kb7 90. Nd6+ Ka7 91. Nc7 Be7 92. Nf7
Bh4 93. Nd5 Bh3+ 94. Ke2 Bg4+ 95. Kf1 Bh3+ 96. Ke2 Nf4+ 97. Ke3 Ng2+ 98. Kf3
Ne1+ 99. Ke3 Ng2+ 100. Kf3 Ne1+ 101. Ke3 Bg3 102. Ne7 g5 103. Nxg5 Bf4+ 104. Ke2
Bxg5 105. Nc6+ Kb6 106. Kxe1 Bf6 107. Nb8 Kc7 108. Na6+ Kd6 109. Kd2 Bg2 110.
Kd3 Bg5 111. Nb8 Bf1+ 112. Kc2 Bg2 113. Kd3 Bf1+ 114. Kc2 Bh3 115. Nc6 Bg2 116.
Kd3 Bf1+ 117. Kc2 Ke6 118. Na5 Kf6 119. Bc6 Be3 120. Bd5 Kg5 121. Nc6 Kf4 122.
Kc3 Bd4+ 123. Kd2 Be3+ 124. Kc3 Bd4+ 125. Kd2 Ba1 126. Ne7 Bh3 127. Nc6 Bd7 128.
Kd3 Kf3 129. Kd2 Kf2 130. Nb8 Ba4 131. Nc6 Bb3 132. Na5 Ba2 133. Kc2 Ke3 134.
Nb3 Bxb3+ 135. Kxb3 Kd3 136. Bc6 Bd4 1/2-1/2

[Event "Najdorf Mem Open A 2016"]
[Site "Warsaw POL"]
[Date "2016.07.13"]
[Round "6.56"]
[White "Adamski, Jan"]
[Black "Dzierzak, Radoslaw"]
[Result "1/2-1/2"]
[WhiteTitle "IM"]
[WhiteElo "2279"]
[BlackElo "2204"]
[WhiteFideId "1100190"]
[BlackFideId "1161407"]
[EventDate "2016.07.08"]

1. Nf3 Nf6 2. c4 e6 3. g3 d5 4. Bg2 Be7 5. d4 O-O 6. Qc2 c5 7. O-O cxd4 8. Nxd4
Nc6 9. Nxc6 bxc6 10. b3 Qb6 11. Nc3 Ba6 12. Na4 Qa5 13. Bd2 Bb4 14. Bxb4 Qxb4
15. a3 Qe7 16. Qc3 dxc4 17. bxc4 Nd7 18. Rfc1 Nb6 19. Qb4 Qxb4 20. axb4 Nxc4 21.
Bxc6 Rac8 22. Bd7 Rc7 23. Nc5 Ne5 1/2-1/2

[Event "Najdorf Mem Open A 2016"]
[Site "Warsaw POL"]
[Date "2016.07.13"]
[Round "6.57"]
[White "Kumala, Aleksander"]
[Black "Molenda, Marcin"]
[Result "1/2-1/2"]
[WhiteElo "2207"]
[BlackElo "2267"]
[WhiteFideId "1141880"]
[BlackFideId "1173065"]
[EventDate "2016.07.08"]

1. d4 d5 2. Bf4 Nf6 3. e3 g6 4. c4 c6 5. Nc3 Bg7 6. h3 O-O 7. Nf3 Nbd7 8. cxd5
Nxd5 9. Nxd5 cxd5 10. Bd3 Nb8 11. O-O Nc6 12. Qa4 Bd7 13. Qb3 Bc8 14. Rfc1 Kh8
15. Rc5 e6 16. Rac1 f6 17. Bg3 Rf7 18. Bb5 Bd7 19. Be2 Be8 20. Ne1 Bf8 21. R5c2
Qe7 22. Nd3 Na5 23. Qc3 Nc4 24. a4 b6 25. b3 Na5 26. f3 Qa3 27. Rb1 Bd7 28. Qb2
Rc8 29. Rxc8 Bxc8 30. Qxa3 Bxa3 31. b4 Nc4 32. Rb3 Bd7 33. b5 Bf8 34. Nb2 Bd6
35. Bxd6 Nxd6 36. Rc3 Be8 37. Nd3 Kg7 38. Nb4 Kf8 39. Kf2 Rb7 40. Bd3 Ke7 41. e4
dxe4 42. fxe4 Kd7 43. Na6 e5 44. dxe5 fxe5 45. Ke3 Ke7 46. Nb4 Bf7 47. Nc6+ Kf6
48. Rc1 Bb3 49. a5 Ba4 50. a6 Rc7 51. Rf1+ Kg7 52. Rb1 Bxb5 53. Bxb5 Nxb5 54.
Rxb5 Rxc6 55. Rxe5 Kf7 56. Kd4 Rc2 57. Kd5 Rc5+ 58. Kd6 Rxe5 59. Kxe5 Ke7 60.
Kd5 Kd7 61. h4 h6 62. g4 g5 63. h5 Ke7 64. Kc6 Ke6 65. Kb7 b5 66. Kxa7 b4 67.
Kb6 b3 68. a7 b2 69. a8=Q b1=Q+ 70. Kc5 Qc2+ 71. Kd4 Qd2+ 72. Kc4 Qc2+ 1/2-1/2

[Event "Najdorf Mem Open A 2016"]
[Site "Warsaw POL"]
[Date "2016.07.13"]
[Round "6.58"]
[White "Zlatin, Alexander"]
[Black "Gumularz, Szymon"]
[Result "1/2-1/2"]
[WhiteElo "2146"]
[BlackElo "2267"]
[WhiteFideId "2810549"]
[BlackFideId "1188062"]
[EventDate "2016.07.08"]

1. e4 e5 2. Nf3 Nc6 3. Bc4 Bc5 4. c3 Nf6 5. d3 d6 6. Nbd2 a6 7. Bb3 Ba7 8. h3
O-O 9. Nf1 Be6 10. Ng3 h6 11. O-O d5 12. Qe2 Re8 13. Kh2 Qd7 14. Bc2 Rad8 15.
Nh4 b5 16. Rd1 Qc8 17. Re1 Ne7 18. d4 exd4 19. e5 Ne4 20. Nxe4 dxe4 21. Qxe4 d3
22. Bxd3 Rxd3 23. Qxd3 Bxf2 24. Re4 Nf5 25. Nf3 Rd8 26. Qc2 Ng3 27. Qxf2 Nxe4
28. Qh4 Bf5 29. Nd4 Re8 30. Qf4 Bg6 31. Be3 Qd7 32. Re1 Nc5 33. Qg3 Nd3 34. Rf1
Nxe5 35. Nf3 Nc4 36. Bc1 Qd6 37. Bf4 Qd3 38. Rf2 c5 39. h4 Ne3 40. Bxe3 Qxe3 41.
Rf1 Qd3 42. Re1 Rxe1 43. Qxe1 Be4 44. Qd2 Qxd2 45. Nxd2 Bd5 46. a3 a5 47. g4 g5
48. hxg5 hxg5 49. b4 cxb4 50. cxb4 a4 51. Nb1 Kg7 52. Nc3 Bc6 53. Kg3 Kf6 54.
Kf2 Ke5 55. Ke3 Bd7 56. Ne4 f6 57. Nf2 Kd5 58. Ne4 Kc4 59. Nxf6 Bc8 60. Ne4 Kb3
61. Kd4 Kxa3 62. Kc3 Ka2 63. Nxg5 Kb1 64. Nf3 Bxg4 65. Nd2+ Kc1 66. Ne4 Bd1 67.
Nc5 Bc2 68. Ne6 Bb3 69. Nc5 Ba2 70. Nxa4 bxa4 71. b5 a3 72. b6 Bd5 73. b7 a2 74.
b8=Q a1=Q+ 75. Kd3 Qa3+ 76. Kd4 Bb3 77. Qf4+ Kb2 78. Ke3 Bc4+ 79. Kf2 Qd3 80.
Qe5+ Kc2 81. Qe3 Qd5 82. Kg3 Kd1 83. Qf3+ 1/2-1/2

[Event "Najdorf Mem Open A 2016"]
[Site "Warsaw POL"]
[Date "2016.07.13"]
[Round "6.59"]
[White "Strugnell, Carl"]
[Black "Garbowski, Jakub"]
[Result "1-0"]
[WhiteTitle "FM"]
[WhiteElo "2238"]
[BlackElo "2102"]
[WhiteFideId "616753"]
[BlackFideId "1164929"]
[EventDate "2016.07.08"]

1. e4 e5 2. Nf3 Nc6 3. Bb5 g6 4. c3 a6 5. Bxc6 dxc6 6. d4 Bg4 7. Be3 Bg7 8. Nbd2
exd4 9. cxd4 Qe7 10. O-O O-O-O 11. Qc2 Nf6 12. Ne5 Bd7 13. f3 Ne8 14. Ndc4 Be6
15. Rfd1 f6 16. Nd3 Bxc4 17. Qxc4 h5 18. Nc5 Nd6 19. Qb3 Bh6 20. Bf2 g5 21. e5
fxe5 22. dxe5 Qxe5 23. Rxd6 Rxd6 24. Qxb7+ Kd8 25. Qb8+ Ke7 26. Qxc7+ Ke8 27.
Re1 Qxe1+ 28. Bxe1 Bf8 29. Ne4 Re6 30. Bc3 Rhh6 31. Qc8+ Kf7 32. Qxa6 g4 33. Qc4
Ke8 34. f4 1-0

[Event "Najdorf Mem Open A 2016"]
[Site "Warsaw POL"]
[Date "2016.07.13"]
[Round "6.60"]
[White "Wisniewski, Michal"]
[Black "Tomaszewski, Kacper"]
[Result "1/2-1/2"]
[WhiteElo "2235"]
[BlackElo "2172"]
[WhiteFideId "1159682"]
[BlackFideId "1127373"]
[EventDate "2016.07.08"]

1. e4 c6 2. d4 d5 3. Nd2 dxe4 4. Nxe4 Bf5 5. Ng3 Bg6 6. h4 h6 7. Nf3 Nd7 8. h5
Bh7 9. Bd3 Bxd3 10. Qxd3 e6 11. Bd2 Ngf6 12. O-O-O Be7 13. Kb1 O-O 14. Ne4 Nxe4
15. Qxe4 Nf6 16. Qe2 Qd5 17. Be3 Qb5 18. Qd3 Qxd3 19. Rxd3 Ng4 20. Ne5 Nxe3 21.
fxe3 Bd6 22. Nf3 Rfd8 23. e4 Kf8 24. g4 Be7 25. Rg1 c5 26. d5 exd5 27. exd5 c4
28. Rdd1 Rd6 29. Rd2 Rad8 30. Rgd1 Bf6 31. c3 Re8 32. Re1 Red8 33. Red1 1/2-1/2

[Event "Najdorf Mem Open A 2016"]
[Site "Warsaw POL"]
[Date "2016.07.13"]
[Round "6.61"]
[White "Jakubiec, Edyta"]
[Black "Klenburg, Michael"]
[Result "1/2-1/2"]
[WhiteTitle "WIM"]
[BlackTitle "IM"]
[WhiteElo "2176"]
[BlackElo "2370"]
[WhiteFideId "1114158"]
[BlackFideId "14102072"]
[EventDate "2016.07.08"]

1. e4 d6 2. d4 Nf6 3. Nc3 g6 4. f4 Bg7 5. Nf3 O-O 6. Bd3 Na6 7. O-O c5 8. d5 Bg4
9. Bc4 Nd7 10. h3 Bxf3 11. Qxf3 Nc7 12. a4 a6 13. a5 b5 14. axb6 Nxb6 15. Be2
Qb8 16. h4 e6 17. dxe6 Nxe6 18. f5 Nd4 19. Qf2 Nxe2+ 20. Qxe2 Re8 21. f6 Bf8 22.
Rxa6 d5 23. Bf4 Qb7 24. Rxa8 Qxa8 25. Qb5 Re6 26. exd5 Nxd5 27. Nxd5 Qxd5 28.
Qd3 Qc6 29. h5 c4 30. Qf3 Qb6+ 31. Kh1 Qxb2 32. hxg6 hxg6 33. Bg5 Qxc2 34. Rd1
Qa4 35. Rd8 Qa1+ 36. Kh2 Qe5+ 37. Qf4 c3 38. Rc8 c2 39. Rxc2 Qxf4+ 40. Bxf4 Rxf6
41. Kg3 Rf5 42. Rc8 Kg7 43. Bh6+ Kxh6 44. Rxf8 Kg5 45. Ra8 Rb5 46. Ra3 f5 47.
Rc3 Rb4 48. Ra3 Kh5 49. Ra8 g5 50. Rh8+ Kg6 51. Rg8+ Kh6 52. Rh8+ Kg7 53. Ra8
Rb3+ 54. Kf2 Rb2+ 55. Kf3 Rb3+ 56. Kf2 Kg6 57. g3 Rb2+ 58. Kg1 Rd2 59. Ra6+ Kh5
60. Ra4 Re2 61. Kf1 Re4 62. Ra2 Kg4 63. Kg2 Rb4 64. Rc2 Rb3 65. Rc4+ f4 66. gxf4
gxf4 67. Rc2 Rg3+ 68. Kf1 Rh3 69. Rg2+ Rg3 70. Ra2 Kh3 71. Ra8 Rf3+ 72. Kg1 Kg4
73. Rg8+ Kf5 74. Kg2 Re3 75. Kf2 Ra3 76. Rf8+ Ke4 77. Re8+ Kf5 78. Rf8+ Ke4 1/2-1/2

[Event "Najdorf Mem Open A 2016"]
[Site "Warsaw POL"]
[Date "2016.07.13"]
[Round "6.62"]
[White "Cajbel, Maciej"]
[Black "Reza, Wojciech"]
[Result "0-1"]
[WhiteElo "2208"]
[BlackElo "2266"]
[WhiteFideId "1123475"]
[BlackFideId "1151967"]
[EventDate "2016.07.08"]

1. Nf3 g6 2. e4 Bg7 3. d4 d6 4. Nc3 Nf6 5. Be2 c6 6. a4 a5 7. h3 Na6 8. O-O O-O
9. Be3 Nb4 10. Qd2 d5 11. e5 Ne8 12. Bh6 f6 13. Bxg7 Nxg7 14. Na2 Nxa2 15. Rxa2
Bf5 16. exf6 exf6 17. Nh4 Qb6 18. c3 Rae8 19. Raa1 Be4 20. Rfe1 Rf7 21. f3 Bf5
22. Nxf5 Nxf5 23. Bd3 Ng7 24. Rxe8+ Nxe8 25. Re1 Qd8 26. Qe3 Ng7 27. f4 Rf8 28.
Qd2 Re8 29. Rxe8+ Nxe8 30. f5 g5 31. h4 gxh4 32. Qe1 Nd6 33. Qxh4 Nf7 34. Qg3+
Kf8 35. Qh4 Ng5 36. Qf4 Ke7 37. c4 dxc4 38. Bxc4 Qd6 39. Qe3+ Kd8 40. b3 h5 41.
Kf1 h4 42. Qf2 h3 43. gxh3 Nxh3 44. Qe3 Ng5 45. Kg2 Kc8 46. Qe8+ Kc7 47. Qe3 Kd8
48. Kg1 Qd7 49. Qd3 Kc7 50. Kf1 Qd6 51. Qd2 Kb8 52. Qe3 Kc8 53. Ke2 Kc7 54. Kf1
Qd7 55. Qf4+ Kb6 56. Ke2 Qe7+ 57. Kd3 Qe1 58. Qe3 Qb1+ 59. Kd2 Qxf5 60. d5+ c5
61. Qe7 Ne4+ 62. Kc1 Qg5+ 63. Kb1 Qg1+ 64. Ka2 Qf2+ 65. Ka3 Qe1 66. Qd8+ Ka7 67.
Ka2 Qd2+ 0-1

[Event "Najdorf Mem Open A 2016"]
[Site "Warsaw POL"]
[Date "2016.07.13"]
[Round "6.63"]
[White "Michalczak, Thomas"]
[Black "Flak, Pawel"]
[Result "1-0"]
[WhiteTitle "FM"]
[WhiteElo "2249"]
[BlackElo "2204"]
[WhiteFideId "4622634"]
[BlackFideId "1117548"]
[EventDate "2016.07.08"]

1. e4 Nf6 2. e5 Nd5 3. d4 d6 4. Nf3 Bg4 5. Be2 e6 6. c4 Nb6 7. h3 Bf5 8. Nc3 Nc6
9. Be3 d5 10. c5 Nc4 11. Bg5 Be7 12. Bxe7 Qxe7 13. Qa4 Nxb2 14. Qb5 Nc4 15. Qxb7
Kd7 16. Bxc4 dxc4 17. O-O Rhb8 18. Qa6 Bd3 19. Rfe1 Nb4 20. Qa4+ Kd8 21. Rac1
Qe8 22. Qd1 Qd7 23. Qd2 Ke8 24. Qg5 Bg6 25. Rcd1 Qe7 26. Qg4 Kf8 27. Nd2 Bd3 28.
Re3 Bc2 29. Rc1 Bf5 30. Qe2 Nc2 31. Rg3 Nxd4 32. Qxc4 Rb2 33. Nd5 Qh4 34. Nxc7
Rc8 35. Rg4 Qh6 36. Rxd4 Rxd2 37. Qa6 Rd8 38. Rxd8+ Rxd8 39. Qa3 Qf4 40. c6+ Kg8
41. Nb5 Be4 42. c7 Rc8 43. Nxa7 Qg5 44. g3 Qh5 45. Nxc8 g5 46. Nd6 1-0

[Event "Najdorf Mem Open A 2016"]
[Site "Warsaw POL"]
[Date "2016.07.13"]
[Round "6.64"]
[White "Masse, Hugues"]
[Black "Szostko, Jakub"]
[Result "0-1"]
[BlackTitle "FM"]
[WhiteElo "2204"]
[BlackElo "2246"]
[WhiteFideId "2604264"]
[BlackFideId "1174282"]
[EventDate "2016.07.08"]

1. d4 Nf6 2. c4 g6 3. g3 Bg7 4. Bg2 O-O 5. Nc3 d6 6. Nf3 Nc6 7. O-O a6 8. Qd3 e5
9. dxe5 dxe5 10. Qxd8 Rxd8 11. Bg5 Be6 12. Nd2 Nd4 13. Bxf6 Bxf6 14. Nde4 Be7
15. e3 Nc2 16. Rac1 Nb4 17. Nd5 Bxd5 18. cxd5 Nxd5 19. Rfd1 c6 20. Kf1 f5 21.
Nd2 Nb4 22. a3 Nd3 23. Rc2 e4 24. Nb3 a5 25. Ke2 Bf6 26. Rdd2 a4 27. Na1 Nxb2
28. Rxb2 Bxb2 29. Rxb2 Rd3 30. Ra2 Rad8 31. f3 exf3+ 32. Bxf3 Rc3 33. Nc2 Kg7
34. Nd4 Re8 35. Nc2 Rb3 36. Ra1 Rb2 37. Kd2 Rd8+ 38. Kc1 Rb3 39. Be2 Kf6 40. Bc4
Rc3 41. Be2 Rd5 42. Ra2 g5 43. Rb2 Rdc5 44. Kd2 Rb3 45. Ra2 Rb1 46. h4 Rd5+ 0-1

[Event "Najdorf Mem Open A 2016"]
[Site "Warsaw POL"]
[Date "2016.07.13"]
[Round "6.65"]
[White "Heinemann, Josefine"]
[Black "Piotrowski, Przemyslaw"]
[Result "1-0"]
[WhiteTitle "WIM"]
[WhiteElo "2216"]
[BlackElo "2201"]
[WhiteFideId "12900460"]
[BlackFideId "1127063"]
[EventDate "2016.07.08"]

1. e4 c5 2. Nf3 d6 3. d4 cxd4 4. Nxd4 Nf6 5. Nc3 a6 6. Bg5 e6 7. f4 Nbd7 8. Qf3
Qc7 9. O-O-O Be7 10. Bd3 h6 11. Qh3 Nc5 12. f5 Nd5 13. Bxe7 Nxc3 14. Bxd6 Nxa2+
15. Kb1 Qxd6 16. Nxe6 Nc3+ 17. bxc3 Qb6+ 18. Kc1 fxe6 19. Qh5+ Kf8 20. Qg6 Qd8
21. f6 Nxd3+ 22. Rxd3 Qxf6 23. Rf3 Qxf3 24. gxf3 Bd7 25. Rd1 Bc6 26. Qxe6 Re8
27. Qf5+ Ke7 28. Rg1 g5 29. h4 Rhf8 30. Qc5+ Kd7 31. hxg5 hxg5 32. Rxg5 Rxf3 33.
Rg7+ Ke6 34. Qc4+ Kd6 35. Qd4+ Ke6 36. Rg6+ Ke7 37. Qe5+ 1-0

[Event "Najdorf Mem Open A 2016"]
[Site "Warsaw POL"]
[Date "2016.07.13"]
[Round "6.66"]
[White "Chomczyk, Marek"]
[Black "Buckels, Valentin"]
[Result "0-1"]
[WhiteElo "2167"]
[BlackElo "2332"]
[WhiteFideId "1125826"]
[BlackFideId "12942766"]
[EventDate "2016.07.08"]

1. e4 e5 2. Nf3 Nc6 3. Bb5 a6 4. Ba4 Nf6 5. d4 exd4 6. O-O Be7 7. e5 Ne4 8. Nxd4
Nxd4 9. Qxd4 Nc5 10. Nc3 Nxa4 11. Qxa4 O-O 12. Bf4 b5 13. Qe4 Rb8 14. Rad1 Rb6
15. Bg3 f5 16. Qd5+ Kh8 17. f3 Qe8 18. Rfe1 Rc6 19. Qb3 f4 20. Bf2 Rh6 21. Nd5
Bd8 22. h3 Qg6 23. Qb4 Qf5 24. Nf6 d6 25. Ng4 Rg6 26. exd6 cxd6 27. Rxd6 Ba5 28.
Qxa5 Rxd6 29. Qc3 Re6 30. Ne5 Rfe8 31. Bd4 h6 32. Qc7 Kh7 33. Kf2 R6e7 34. Qc5
Qg5 35. Kf1 Bf5 36. Re2 Rc8 37. Qd6 Qf6 38. Qd5 Qe6 39. Qxe6 Rxe6 40. c3 Rce8
41. Kf2 a5 42. a3 a4 43. g4 fxg3+ 44. Kxg3 Rg6+ 45. Kf4 Bxh3 46. Rh2 Rf6+ 47.
Ke4 Bc8 48. Kd5 Rf5 49. Re2 Rxf3 50. Kc6 Rf6+ 51. Kxb5 Ba6+ 0-1

[Event "Najdorf Mem Open A 2016"]
[Site "Warsaw POL"]
[Date "2016.07.13"]
[Round "6.67"]
[White "Fieberg, Samuel"]
[Black "Rey, Fabrice"]
[Result "1-0"]
[WhiteElo "2132"]
[BlackElo "2128"]
[WhiteFideId "12901717"]
[BlackFideId "606820"]
[EventDate "2016.07.08"]

1. e4 c6 2. d4 d5 3. e5 c5 4. Nf3 Nc6 5. c4 Bg4 6. cxd5 Bxf3 7. Qxf3 Nxd4 8. Qd1
Qxd5 9. Bb5+ Kd8 10. O-O Qxe5 11. b4 Kc7 12. Re1 Qf5 1-0

[Event "Najdorf Mem Open A 2016"]
[Site "Warsaw POL"]
[Date "2016.07.14"]
[Round "7.2"]
[White "Melkumyan, Hrant"]
[Black "Areshchenko, Alexander"]
[Result "1-0"]
[WhiteTitle "GM"]
[BlackTitle "GM"]
[WhiteElo "2640"]
[BlackElo "2654"]
[WhiteFideId "13302485"]
[BlackFideId "14109530"]
[EventDate "2016.07.08"]

1. c4 g6 2. Nc3 c5 3. g3 Bg7 4. Bg2 Nc6 5. Nf3 e6 6. d4 cxd4 7. Nb5 d5 8. cxd5
exd5 9. O-O Nge7 10. Nfxd4 O-O 11. Be3 Re8 12. Rc1 a6 13. Nc3 Nxd4 14. Bxd4 Be6
15. Bxg7 Kxg7 16. e3 Rc8 17. Qd4+ Kg8 18. Nxd5 Bxd5 19. Rxc8 Qxc8 20. Bxd5 Nxd5
21. Qxd5 Rd8 22. Qb3 Qd7 23. Rc1 b5 24. Qc3 Qf5 25. Qc2 Qf3 26. Re1 h5 27. Qe2
Qd5 28. a3 a5 29. h4 b4 30. axb4 axb4 31. Rc1 b3 32. Rc3 Qb7 33. e4 Rd4 34. Re3
Qb4 35. Qf3 Rc4 36. Kg2 Rc1 37. e5 Qc4 38. Kh2 Rc2 39. e6 fxe6 40. Qf6 1-0